| 000 | 00523nam a2200193Ia 4500 | ||
|---|---|---|---|
| 003 | IN-BaIIA | ||
| 008 | 211028s9999 xx 000 0 eng d | ||
| 020 | _a0-471-99639-4 | ||
| 040 | _cIIA Library | ||
| 080 |
_a621.38 _bCAL |
||
| 100 |
_aCalvert, J. M. _910866 |
||
| 245 | 0 |
_aElectronics _cJ. M. Calvert and M. A. H. McCausland |
|
| 260 |
_aChichester _bJohn Wiley & Sons _c1978 |
||
| 300 | _axxii, 615p. | ||
| 650 |
_aElectronics _91576 |
||
| 650 | _aNASA thesaurus | ||
| 700 |
_aMcCausland, A. H. _910867 |
||
| 942 | _cBK | ||
| 999 |
_c6334 _d6334 |
||